[Event "Pan American-ch U18 Girls"]
[Site "Santiago de Chile"]
[Date "2018.07.25"]
[Round "5"]
[White "Mostacero Velarde, Isabella Maribel"]
[Black "Liu, Joanna"]
[Result "1-0"]
[WhiteElo "1944"]
[BlackElo "1848"]
[PlyCount "115"]
[EventDate "2018.07.22"]
[EventType "swiss"]
[EventRounds "9"]
[EventCountry "CHI"]
[SourceTitle "EXT 2022"]
[Source "ChessBase"]
[SourceDate "2021.10.06"]
[SourceVersion "1"]
[SourceVersionDate "2021.10.06"]
[SourceQuality "1"]

1. e4 c5 2. Nf3 e6 3. d4 cxd4 4. Nxd4 a6 5. c4 Nf6 6. Nc3 Qc7 7. a3 b6 8. Be3 Bb7 9. f3 d6 10. Rc1 Nbd7 11. b4 Be7 12. Be2 0-0 13. 0-0 Rac8 14. Qd2 Rfe8 15. Rfd1 Qb8 16. Kh1 Bd8 17. Nb3 Bc7 18. Bf4 Ne5 19. Bxe5 dxe5 20. Qe3 Kh8 21. c5 b5 22. Rd2 Bc6 23. Rcd1 Rg8 24. Rb2 g5 25. h3 Nh5 26. Kh2 f5 27. Kg1 Nf4 28. Na1 Rcf8 29. Nc2 Bd8 30. Ne1 g4 31. fxg4 Bg5 32. Qg3 Nxe2+ 33. Rxe2 Bf4 34. Qh4 fxg4 35. hxg4 Rg6 36. Nf3 Qc7 37. Rd6 Rfg8 38. g5 Bb7 39. Qh3 Bc8 40. a4 bxa4 41. Nxa4 a5 42. b5 Bd7 43. b6 Qb7 44. Nc3 Rc8 45. Nd5 Rxc5 46. Nf6 Rc1+ 47. Kf2 Rg7 48. g3 Qc8 49. Rxd7 Rxd7 50. Nxd7 Qxd7 51. gxf4 exf4 52. Qh6 Rc8 53. Qf6+ Kg8 54. Rd2 Qe8 55. Ne5 Qf8 56. Qxf8+ Kxf8 57. Nd7+ Ke7 58. b7 1-0

[Event "Pan American-ch U18 Girls"]
[Site "Santiago de Chile"]
[Date "2018.07.24"]
[Round "4"]
[White "Liu, Joanna"]
[Black "Miller, Rachel"]
[Result "1-0"]
[WhiteElo "1848"]
[BlackElo "1835"]
[PlyCount "47"]
[EventDate "2018.07.22"]
[EventType "swiss"]
[EventRounds "9"]
[EventCountry "CHI"]
[SourceTitle "EXT 2022"]
[Source "ChessBase"]
[SourceDate "2021.10.06"]
[SourceVersion "1"]
[SourceVersionDate "2021.10.06"]
[SourceQuality "1"]

1. d4 Nf6 2. c4 c5 3. d5 b5 4. cxb5 a6 5. b6 d6 6. Nc3 Qxb6 7. e4 g6 8. Nf3 Bg7 9. Be2 Nbd7 10. Nd2 0-0 11. Nc4 Qa7 12. Bf4 Ne8 13. 0-0 Nc7 14. a4 Rb8 15. Qd2 Re8 16. h4 Rb4 17. h5 Nb6 18. Na5 Bb7 19. h6 Bxc3 20. Qxc3 f6 21. Nc6 Bxc6 22. dxc6 Rxe4 23. Qf3 e5 24. a5 1-0

[Event "Pan American-ch U18 Girls"]
[Site "Santiago de Chile"]
[Date "2018.07.23"]
[Round "3"]
[White "Caballero Quijano, Mitzy Mishell"]
[Black "Liu, Joanna"]
[Result "1-0"]
[WhiteElo "2032"]
[BlackElo "1848"]
[PlyCount "95"]
[EventDate "2018.07.22"]
[EventType "swiss"]
[EventRounds "9"]
[EventCountry "CHI"]
[SourceTitle "EXT 2022"]
[Source "ChessBase"]
[SourceDate "2021.10.06"]
[SourceVersion "1"]
[SourceVersionDate "2021.10.06"]
[SourceQuality "1"]

1. e4 c5 2. Nf3 e6 3. g3 a6 4. Bg2 Nc6 5. 0-0 d6 6. c3 Nf6 7. Qe2 Qc7 8. d4 e5 9. dxe5 dxe5 10. a4 b6 11. Nbd2 Be7 12. Nc4 0-0 13. Ne3 Na5 14. Nd5 Nxd5 15. exd5 Bd6 16. Nd2 c4 17. Ne4 Bf5 18. Be3 Nb3 19. Rad1 Rac8 20. f4 exf4 21. Nxd6 Bd3 22. Rxd3 Qxd6 23. Bxf4 cxd3 24. Qxd3 Qc5+ 25. Be3 Qa5 26. d6 Nc5 27. Qd5 Qxa4 28. b4 Nd7 29. Be4 Qb5 30. Ra1 Qxd5 31. Bxd5 Nb8 32. c4 Rfd8 33. Rf1 Rf8 34. Bxb6 Nd7 35. Bd4 Rb8 36. Rc1 Nb6 37. Bxb6 Rxb6 38. c5 Rbb8 39. d7 a5 40. b5 a4 41. c6 a3 42. c7 Rbd8 43. Bc6 f6 44. b6 Kf7 45. b7 Ke7 46. cxd8Q+ Rxd8 47. b8Q a2 48. Re1+ 1-0

[Event "Pan American-ch U18 Girls"]
[Site "Santiago de Chile"]
[Date "2018.07.23"]
[Round "2"]
[White "Liu, Joanna"]
[Black "Araya Munoz, Rocio Amalia"]
[Result "1-0"]
[WhiteElo "1848"]
[BlackElo "1110"]
[PlyCount "35"]
[EventDate "2018.07.22"]
[EventType "swiss"]
[EventRounds "9"]
[EventCountry "CHI"]
[SourceTitle "EXT 2022"]
[Source "ChessBase"]
[SourceDate "2021.10.06"]
[SourceVersion "1"]
[SourceVersionDate "2021.10.06"]
[SourceQuality "1"]

1. d4 d5 2. c4 c6 3. Nf3 Bf5 4. Nc3 Nf6 5. e3 e6 6. Bd3 Bg6 7. 0-0 Bb4 8. Ne2 Ne4 9. Qb3 dxc4 10. Bxc4 Qb6 11. Nf4 Bf5 12. Nh4 g5 13. Nxf5 gxf4 14. Bxe6 Bd2 15. Bxf7+ Kf8 16. Qe6 Qd8 17. Bh5 Bxc1 18. Qf7# 1-0

[Event "Windsor NAYCC U16-U18 Girls"]
[Site "Windsor"]
[Date "2016.08.09"]
[Round "5.23"]
[White "Laurrabaquio Ramirez, Itzel Aten"]
[Black "Liu, Joanna"]
[Result "0-1"]
[WhiteElo "1470"]
[BlackElo "1956"]
[PlyCount "76"]
[EventDate "2016.08.07"]
[EventType "swiss"]
[EventRounds "9"]
[EventCountry "CAN"]
[SourceTitle "EXT 2022"]
[Source "ChessBase"]
[SourceDate "2021.10.06"]
[SourceVersion "1"]
[SourceVersionDate "2021.10.06"]
[SourceQuality "1"]

1. c4 e5 2. Nc3 Nf6 3. g3 d5 4. cxd5 Nxd5 5. Bg2 Nb6 6. d3 Nc6 7. Nf3 Be7 8. 0-0 0-0 9. a3 Be6 10. b4 a5 11. b5 Nd4 12. Nxe5 Bf6 13. f4 Nb3 14. Rb1 Qd4+ 15. Kh1 Qxc3 16. Bb2 Qd2 17. Bxb7 Qxd1 18. Rfxd1 Rab8 19. Be4 Nc5 20. Bc6 Nca4 21. Ba1 Be7 22. d4 Ba2 23. d5 Bxb1 24. Rxb1 Bxa3 25. Bd4 Bc5 26. Bxc5 Nxc5 27. Ra1 a4 28. Rc1 Nb3 29. Rc3 Rfd8 30. Nc4 Nxd5 31. Rd3 Nb6 32. Rxd8+ Rxd8 33. Ne5 a3 34. Kg2 a2 35. Kh3 a1Q 36. Bg2 Rd6 37. Ng4 f5 38. Bf3 fxg4+ 0-1

[Event "USA-ch U20 Girls"]
[Site "Manchester"]
[Date "2016.06.28"]
[Round "6"]
[White "Liu, Joanna"]
[Black "Feng, Maggie"]
[Result "1-0"]
[WhiteElo "1850"]
[BlackElo "2227"]
[PlyCount "171"]
[EventDate "2016.06.25"]
[EventType "tourn"]
[EventRounds "9"]
[EventCountry "USA"]
[SourceTitle "CBM 173 Extra"]
[Source "ChessBase"]
[SourceDate "2016.08.29"]
[SourceVersion "1"]
[SourceVersionDate "2016.08.29"]
[SourceQuality "1"]

1. d4 e6 2. c4 Nf6 3. Nf3 Bb4+ 4. Bd2 a5 5. g3 d6 6. Bg2 Nbd7 7. 0-0 e5 8. d5 Bxd2 9. Nbxd2 0-0 10. e4 Nc5 11. Ne1 c6 12. Qc2 cxd5 13. cxd5 b6 14. f3 h5 15. h4 Ba6 16. Rf2 b5 17. Nb3 Nxb3 18. Qxb3 Qb6 19. Nc2 Rac8 20. Qe3 Qxe3 21. Nxe3 b4 22. Nf5 Rcd8 23. Ne7+ Kh7 24. Nc6 Ra8 25. Nxa5 Bb5 26. Nc6 b3 27. Nb4 Rfc8 28. a3 Rc4 29. Re1 Rc5 30. Bf1 Ba4 31. Ba6 Ra7 32. Rd2 Nd7 33. f4 g6 34. Be2 Rc8 35. Bd1 Re8 36. Nc6 Rc7 37. fxe5 Nxe5 38. Nxe5 Rxe5 39. Rd4 Ra7 40. Re3 f5 41. Bxb3 Bxb3 42. Rxb3 fxe4 43. Re3 Ra5 44. Rexe4 Rxe4 45. Rxe4 Rxd5 46. Kf2 Rd2+ 47. Re2 Rd3 48. a4 Rb3 49. Rd2 d5 50. a5 Rb5 51. b4 Rxb4 52. Rxd5 Ra4 53. Rg5 Kg7 54. Ke3 Kf7 55. Kd3 Ke7 56. Kc3 Kf7 57. Kb3 Ra1 58. Kb4 Ra2 59. Kb5 Rb2+ 60. Kc6 Ra2 61. Kb6 Rb2+ 62. Rb5 Re2 63. a6 Re6+ 64. Ka5 Re1 65. a7 Ra1+ 66. Kb6 Ke7 67. Ra5 Rb1+ 68. Ka6 Rd1 69. a8Q Rd6+ 70. Kb5 Re6 71. Ra7+ Kf6 72. Ra6 Rxa6 73. Qxa6+ Kg7 74. Kc5 Kf7 75. Kd5 Kg7 76. Ke5 Kh6 77. Kf4 Kg7 78. Kg5 Kf7 79. Qxg6+ Ke7 80. Kf5 Kd7 81. Ke5 Kc7 82. Kd5 Kb7 83. Kc5 Kc7 84. Qg7+ Kd8 85. Kd6 Kc8 86. Qc7# 1-0

[Event "USA-ch U20 Girls"]
[Site "Manchester"]
[Date "2016.06.27"]
[Round "4"]
[White "Liu, Joanna"]
[Black "Yu, Jennifer R"]
[Result "1/2-1/2"]
[WhiteElo "1850"]
[BlackElo "2187"]
[PlyCount "58"]
[EventDate "2016.06.25"]
[EventType "tourn"]
[EventRounds "9"]
[EventCountry "USA"]
[SourceTitle "CBM 173 Extra"]
[Source "ChessBase"]
[SourceDate "2016.08.29"]
[SourceVersion "1"]
[SourceVersionDate "2016.08.29"]
[SourceQuality "1"]

1. d4 d5 2. c4 c6 3. cxd5 cxd5 4. Nc3 Nf6 5. Nf3 Nc6 6. Bf4 a6 7. e3 Bf5 8. Bd3 Bxd3 9. Qxd3 e6 10. 0-0 Bd6 11. Bxd6 Qxd6 12. a3 0-0 13. h3 b5 14. b4 Rfc8 15. Nd2 e5 16. Nb3 e4 17. Qd2 Nd7 18. Nc5 Nb6 19. Qe2 f5 20. Rfb1 Nc4 21. a4 bxa4 22. Rxa4 a5 23. bxa5 N6xa5 24. Qa2 Qc6 25. Nb7 Nd2 26. Nxd5 Qc1+ 27. Rxc1 Rxc1+ 28. Kh2 Nf1+ 29. Kg1 Ng3+ 1/2-1/2

[Event "USA-ch U20 Girls"]
[Site "Manchester"]
[Date "2016.06.26"]
[Round "3"]
[White "Bykovtsev, Agata"]
[Black "Liu, Joanna"]
[Result "1-0"]
[WhiteElo "2158"]
[BlackElo "1850"]
[PlyCount "133"]
[EventDate "2016.06.25"]
[EventType "tourn"]
[EventRounds "9"]
[EventCountry "USA"]
[SourceTitle "CBM 173 Extra"]
[Source "ChessBase"]
[SourceDate "2016.08.29"]
[SourceVersion "1"]
[SourceVersionDate "2016.08.29"]
[SourceQuality "1"]

1. e4 c5 2. Nf3 d6 3. Nc3 Nf6 4. d4 cxd4 5. Nxd4 a6 6. Bc4 e6 7. 0-0 b5 8. Bb3 Be7 9. Qf3 Qc7 10. Qg3 0-0 11. Bh6 Ne8 12. Rfe1 Bd7 13. Nce2 Nc6 14. Nxc6 Qxc6 15. Nf4 Kh8 16. Bg5 Bxg5 17. Qxg5 Nf6 18. e5 dxe5 19. Qxe5 a5 20. c3 b4 21. cxb4 axb4 22. Nd3 Qb6 23. Qf4 Rfb8 24. Re5 Bc6 25. Rae1 Qb7 26. Nc5 Qc7 27. Qd4 h6 28. R5e3 Bd5 29. Bxd5 Nxd5 30. Rg3 Rg8 31. Rh3 Qf4 32. Ne4 Rgd8 33. g3 Qf5 34. Rxh6+ Kg8 35. Rh4 Rxa2 36. Rf4 e5 37. Qxd5 Rxd5 38. Rxf5 Rxb2 39. f4 f6 40. fxe5 fxe5 41. Ref1 Re2 42. Ng5 Rd8 43. R5f2 Re3 44. Rb2 b3 45. Rfb1 Rb8 46. Kf2 Rc3 47. Ne4 Rf8+ 48. Ke2 Rc2+ 49. Rxc2 bxc2 50. Rc1 Rc8 51. Kd3 Rd8+ 52. Kxc2 Kf7 53. Rf1+ Kg6 54. Nf2 Kg5 55. Re1 Kf5 56. Re4 Rh8 57. g4+ Kf6 58. h3 Rd8 59. Nd3 Rd5 60. Kd2 Rb5 61. Ke3 Ra5 62. h4 Rb5 63. Ra4 Rb6 64. Ke4 g6 65. Nxe5 Re6 66. g5+ Kg7 67. Ra7+ 1-0